000 00844nam a2200253Ia 4500
003 OSt
005 20221005113448.0
006 a|||||r|||| 00| 0
007 ta
008 221004b |||||||| |||| 00| 0 pan d
020 _c160
024 _a104616
037 _b509, 02/02/2011, H.K. Prakashan
_cTextual
040 _aCRL
_cCRL
_bpan
041 _2pan
_apan
082 _aO153,1:g, P3
100 _aਨੂਰ, ਸੁਤਿੰਦਰ ਸਿੰਘ
245 0 _aਕਵਿਤਾ ਅਕਵਿਤਾ ਚਿੰਤਨ
260 _aਲੁਧਿਆਣਾ
_bਚੇਤਨਾ ਭਾਰਤ
_c2003
300 _a156ਪੰ
_ccm.
650 _aਪੰਜਾਬੀ ਸਾਹਿਤ
942 _hO153,1:g, P3
_cTEXL
_2cc
999 _c1028273
_d1028273